Bad day for Daniel

Bibliographic Details
Main Author: Muhammad Azam
Corporate Author: Hari malang Daniel
Format: Book
Published: Kuala Lumpur : Pustaka Prinsip , 2004
Series:Science stories and fact series
Subjects:

MARC

LEADER 00000cam a2200000 7i4500
001 0000006725
005 20220105104025.0
008 070820
020 |a 9830532194(set) 
020 |a 9830532232 
090 0 0 |a JP   |b NH ENG (7525) 
100 0 |a Muhammad Azam 
245 1 0 |a Bad day for Daniel   |c Muhammad Azam 
260 |a Kuala Lumpur :   |b Pustaka Prinsip ,   |c 2004 
440 |a Science stories and fact series 
500 |a Children age 4-6 years old (yellow) 
650 0 |a Readers   |x Science 
710 1 |a Hari malang Daniel 
999 |a 0000986364   |b Book   |c Children Collection   |e Perbadanan Perpustakaan Awam Johor 
999 |a 0000986365   |b Book   |c Children Collection   |e Perbadanan Perpustakaan Awam Johor 
999 |a 0000986366   |b Book   |c Children Collection   |e Perbadanan Perpustakaan Awam Johor 
999 |a 0000986367   |b Book   |c Children Collection   |e Cawangan Bandar Penawar